[Event "Regionalliga NO 0102"]
[Site "Bayern"]
[Date "2001.10.07"]
[Round "1.3"]
[White "Sokolovs, Jurijs"]
[Black "Zvara, Petr"]
[Result "0-1"]
[WhiteElo "2185"]
[BlackElo "2370"]
[PlyCount "84"]
[EventDate "2001.10.07"]
[EventType "team-tourn"]
[EventRounds "9"]
[EventCountry "GER"]
[SourceTitle "EXT 2003"]
[Source "ChessBase"]
[SourceDate "2002.11.25"]
[SourceVersion "1"]
[SourceVersionDate "2002.11.25"]
[SourceQuality "1"]
[WhiteTeam "Nuernberg II"]
[BlackTeam "Cham"]
[WhiteTeamCountry "GER"]
[BlackTeamCountry "GER"]

1. d4 Nf6 2. c4 c5 3. e3 g6 4. Nc3 Bg7 5. Nf3 0-0 6. Be2 b6 7. 0-0 Bb7 8. d5 d6 9. Qc2 e5 10. e4 Nbd7 11. a3 Ne8 12. b4 h6 13. Nd2 f5 14. Rb1 Bc8 15. Nb3 Ndf6 16. f3 Nh5 17. g3 Rf7 18. Bd2 Bf6 19. Nd1 Bg5 20. Nf2 Bxd2 21. Qxd2 f4 22. g4 Nhf6 23. bxc5 bxc5 24. Na5 Nh7 25. Nc6 Qh4 26. Nd3 h5 27. gxh5 Bh3 28. Kh1 Bxf1 29. hxg6 Bg2+ 30. Kxg2 Rg7 31. Qe1 Rxg6+ 32. Kh1 Qg5 33. Qf2 Rg7 34. a4 Qh5 35. Rg1 Ng5 36. Qf1 Nf6 37. Nf2 Kf7 38. Qg2 Rag8 39. Ng4 Ngxe4 40. Rb1 Ng3+ 41. Kg1 Nxe2+ 42. Qxe2 Rxg4+ 0-1

[Event "Pyramiden Franken Cup 4th"]
[Site "Fuerth"]
[Date "2001.08.26"]
[Round "9"]
[White "Sokolovs, Jurijs"]
[Black "Eiber, Manfred"]
[Result "1-0"]
[WhiteElo "2171"]
[BlackElo "2266"]
[PlyCount "56"]
[EventDate "2001.08.18"]
[EventType "swiss"]
[EventRounds "9"]
[EventCountry "GER"]
[SourceTitle "EXT 2010"]
[Source "ChessBase"]
[SourceDate "2010.11.25"]
[SourceVersion "1"]
[SourceVersionDate "2010.11.25"]
[SourceQuality "1"]

1. d4 f5 2. Nc3 d5 3. f3 e6 4. e4 Bb4 5. Bd3 c5 6. a3 Bxc3+ 7. bxc3 c4 8. Be2 fxe4 9. Nh3 exf3 10. Bxf3 Nf6 11. Bh5+ Kd7 12. 0-0 Kc6 13. Ng5 Rf8 14. a4 Nxh5 15. Qxh5 Rxf1+ 16. Kxf1 h6 17. Nf3 Nd7 18. Ba3 b6 19. Re1 Qg8 20. Qh4 Nf6 21. Qg3 Bd7 22. Qd6+ Kb7 23. a5 Qb8 24. Qe7 Qf4 25. Bd6 Qf5 26. Be5 Kc8 27. axb6 axb6 28. Qd6 Qxc2 1-0

[Event "Pyramiden Franken Cup 4th"]
[Site "Fuerth"]
[Date "2001.08.21"]
[Round "4"]
[White "Zuehlke, Burkhard"]
[Black "Sokolovs, Jurijs"]
[Result "1/2-1/2"]
[WhiteElo "2173"]
[BlackElo "2171"]
[PlyCount "93"]
[EventDate "2001.08.18"]
[EventType "swiss"]
[EventRounds "9"]
[EventCountry "GER"]
[SourceTitle "EXT 2010"]
[Source "ChessBase"]
[SourceDate "2010.11.25"]
[SourceVersion "1"]
[SourceVersionDate "2010.11.25"]
[SourceQuality "1"]

1. d4 Nf6 2. c4 g6 3. Nc3 Bg7 4. e4 d6 5. Be2 0-0 6. Nf3 Na6 7. 0-0 c5 8. d5 e5 9. Ne1 Re8 10. a3 Bd7 11. Be3 Qc8 12. f3 Nh5 13. Nd3 f5 14. Rc1 Nc7 15. b4 b6 16. Rb1 Qd8 17. bxc5 bxc5 18. Rb7 Bc8 19. Rb2 Nf4 20. Qd2 Nxe2+ 21. Qxe2 Ba6 22. Nf2 Rf8 23. Nb5 Ne8 24. Qc2 Bc8 25. Rfb1 Nf6 26. Nc3 Qd7 27. Bd2 Ba6 28. Nb5 fxe4 29. fxe4 Ne8 30. Be3 Bf6 31. Qe2 Qe7 32. Qd2 Bc8 33. Nc3 Ba6 34. Qe2 Bg5 35. Nb5 Bxe3 36. Qxe3 Qf6 37. Nh3 Bc8 38. Rf2 Qe7 39. Rxf8+ Kxf8 40. Rf1+ Kg7 41. Ng5 Nf6 42. Qf3 Bg4 43. Qd3 a6 44. Nc3 h6 45. Nf3 Bxf3 46. Qxf3 Rb8 47. Rb1 1/2-1/2

[Event "Pyramiden Franken Cup 4th"]
[Site "Fuerth"]
[Date "2001.08.18"]
[Round "1"]
[White "Jansa, Vlastimil"]
[Black "Sokolovs, Jurijs"]
[Result "1-0"]
[WhiteElo "2466"]
[BlackElo "2171"]
[PlyCount "65"]
[EventDate "2001.08.18"]
[EventType "swiss"]
[EventRounds "9"]
[EventCountry "GER"]
[SourceTitle "EXT 2010"]
[Source "ChessBase"]
[SourceDate "2010.11.25"]
[SourceVersion "1"]
[SourceVersionDate "2010.11.25"]
[SourceQuality "1"]

1. e4 c5 2. Nf3 a6 3. g3 Nc6 4. Bg2 g6 5. d4 cxd4 6. Nxd4 Bg7 7. Ne2 Nf6 8. Nbc3 0-0 9. 0-0 d6 10. h3 Bd7 11. a4 Rc8 12. Nd5 Ne5 13. Ra2 e6 14. Nxf6+ Bxf6 15. b3 Qc7 16. Be3 Nc6 17. Qd2 d5 18. exd5 exd5 19. Nf4 d4 20. Nd5 Qd6 21. Bf4 Be5 22. Bxe5 Qxe5 23. Re1 Qd6 24. c4 Kg7 25. b4 Rce8 26. Rxe8 Rxe8 27. b5 Ne5 28. Qxd4 f6 29. c5 Qe6 30. Re2 Qf5 31. f4 axb5 32. fxe5 fxe5 33. Qb2 1-0

[Event "Regionalliga NO 0001"]
[Site "Bayern"]
[Date "2001.01.14"]
[Round "4.2"]
[White "Sokolovs, Jurijs"]
[Black "Zvara, Petr"]
[Result "1-0"]
[WhiteElo "2175"]
[BlackElo "2395"]
[PlyCount "55"]
[EventDate "2000.10.15"]
[EventType "team-tourn"]
[EventRounds "9"]
[EventCountry "GER"]
[SourceTitle "EXT 2020"]
[Source "ChessBase"]
[SourceDate "2019.10.17"]
[SourceVersion "1"]
[SourceVersionDate "2019.10.17"]
[SourceQuality "1"]
[WhiteTeam "Nuernberg Noris Tarrasch II"]
[BlackTeam "Cham"]
[WhiteTeamCountry "GER"]
[BlackTeamCountry "GER"]

1. e4 c5 2. Nf3 e6 3. d4 cxd4 4. Nxd4 a6 5. Bd3 Nc6 6. Nxc6 bxc6 7. 0-0 d5 8. Nc3 Nf6 9. Qf3 Be7 10. e5 Nd7 11. Qg3 g6 12. Bh6 a5 13. Ne2 Ba6 14. Bxa6 Rxa6 15. c4 Qb8 16. cxd5 cxd5 17. Rac1 Bf8 18. Bxf8 Kxf8 19. Qd3 Ra8 20. f4 Qxb2 21. Nd4 Qb8 22. Qa3+ Qb4 23. Qe3 Re8 24. Rc7 Nb6 25. f5 gxf5 26. Qh6+ Kg8 27. Qg5+ Kf8 28. Qf6 1-0

[Event "Pyramiden Franken Cup 3rd"]
[Site "Fuerth"]
[Date "2000.08.23"]
[Round "5"]
[White "Betz, Egon"]
[Black "Sokolovs, Jurijs"]
[Result "0-1"]
[WhiteElo "1894"]
[BlackElo "2178"]
[PlyCount "54"]
[EventDate "2000.08.19"]
[EventType "swiss"]
[EventRounds "9"]
[EventCountry "GER"]
[SourceTitle "EXT 2010"]
[Source "ChessBase"]
[SourceDate "2010.11.25"]
[SourceVersion "1"]
[SourceVersionDate "2010.11.25"]
[SourceQuality "1"]

1. e4 c5 2. Nc3 Nc6 3. f4 d6 4. Nf3 g6 5. Bc4 Bg7 6. 0-0 e6 7. f5 exf5 8. d3 Ne5 9. Bb3 Nh6 10. Qe1 0-0 11. Qg3 Nhg4 12. Nd5 fxe4 13. dxe4 c4 14. Ba4 Be6 15. Ng5 Bxd5 16. exd5 b5 17. h3 Nf6 18. Be3 bxa4 19. Rad1 Qe7 20. Qh4 h6 21. Ne4 Nxd5 22. Bg5 f6 23. Bxh6 f5 24. Bg5 Nf6 25. Nxd6 Rad8 26. Qd4 Rxd6 27. Qc5 Re6 0-1

[Event "Pyramiden Franken Cup 3rd"]
[Site "Fuerth"]
[Date "2000.08.21"]
[Round "3"]
[White "Zuehlke, Burkhard"]
[Black "Sokolovs, Jurijs"]
[Result "1/2-1/2"]
[WhiteElo "2097"]
[BlackElo "2178"]
[PlyCount "111"]
[EventDate "2000.08.19"]
[EventType "swiss"]
[EventRounds "9"]
[EventCountry "GER"]
[SourceTitle "EXT 2010"]
[Source "ChessBase"]
[SourceDate "2010.11.25"]
[SourceVersion "1"]
[SourceVersionDate "2010.11.25"]
[SourceQuality "1"]

1. d4 Nf6 2. c4 g6 3. Nc3 Bg7 4. e4 d6 5. Nf3 0-0 6. Be2 Nbd7 7. 0-0 e5 8. d5 Nc5 9. Qc2 a5 10. Bg5 h6 11. Bh4 g5 12. Bg3 Nh5 13. Nd2 Nf4 14. f3 f5 15. exf5 Bxf5 16. Nde4 Qe8 17. Bf2 b6 18. Rae1 Qg6 19. Bxc5 bxc5 20. Bd1 h5 21. g4 hxg4 22. fxg4 Bd7 23. Nf2 Qh6 24. Nce4 c6 25. dxc6 Bxc6 26. Qd2 Rfd8 27. Bc2 Qh4 28. Qe3 Rab8 29. b3 Rb7 30. Rd1 Rbd7 31. Rd2 Qh6 32. Rfd1 Bf8 33. Ng3 d5 34. Nf5 Qe6 35. cxd5 Rxd5 36. Rxd5 Rxd5 37. Rxd5 Bxd5 38. Be4 c4 39. Bxd5 Qxd5 40. Qe4 cxb3 41. Qxd5+ Nxd5 42. axb3 Bc5 43. Kf1 Nf6 44. h3 Bxf2 45. Kxf2 Ne4+ 46. Ke3 Nc5 47. Ne7+ Kg7 48. Nc6 Nxb3 49. Nxe5 Kf6 50. Nc4 a4 51. Kd3 Nc5+ 52. Kc2 Ke6 53. Nd2 Ke5 54. Nf3+ Kf4 55. Nxg5 Kxg5 56. Kb2 1/2-1/2

[Event "Mittelfranken Mitte-ch 9899"]
[Site "Zirndorf"]
[Date "1999.??.??"]
[Round "4"]
[White "Sokolovs, Jurijs"]
[Black "Schloetterer, Hermann"]
[Result "1-0"]
[WhiteElo "2456"]
[BlackElo "1906"]
[PlyCount "105"]
[EventDate "1999.01.23"]
[EventType "swiss"]
[EventRounds "7"]
[EventCountry "GER"]
[SourceTitle "EXT 2015"]
[Source "ChessBase"]
[SourceDate "2014.11.20"]
[SourceVersion "1"]
[SourceVersionDate "2014.11.20"]
[SourceQuality "1"]

1. d4 Nf6 2. Nc3 d5 3. Bg5 e6 4. Nf3 Be7 5. e3 c6 6. Bd3 Nbd7 7. 0-0 Qc7 8. Re1 h6 9. Bh4 0-0 10. e4 dxe4 11. Nxe4 Re8 12. Qe2 Nxe4 13. Qxe4 Nf8 14. Bg3 Bd6 15. Ne5 Bd7 16. c4 f6 17. c5 Bxe5 18. dxe5 f5 19. Qc4 Kh8 20. Rad1 Qd8 21. Be2 Qa5 22. f4 Re7 23. Bh4 Rf7 24. Rd6 b5 25. Qd4 g5 26. b4 Qd8 27. Bg3 a5 28. a3 axb4 29. axb4 Ra7 30. Rxc6 Qa8 31. Rd6 Bc6 32. Rd8 Qb7 33. Bf1 Kg7 34. Qd6 Bd5 35. Rb8 Qa6 36. Qxa6 Rxa6 37. Bxb5 Ra2 38. Re2 Ra1+ 39. Re1 Ra2 40. Bf1 Ng6 41. fxg5 hxg5 42. b5 f4 43. Bf2 g4 44. c6 Kh6 45. Rc1 g3 46. hxg3 f3 47. Be3+ Kh5 48. c7 Nxe5 49. Rh8+ Kg6 50. c8Q f2+ 51. Bxf2 Rfxf2 52. Qg8+ Kf6 53. Rh6+ 1-0